000 00643nam a2200193 i 4500
001 22644
003 ES-MaACL
005 20230906152731.0
007 t|
008 021204s1962 sp ||||1| spa d
100 1 _aAltaner, Berthold.
_920519
245 1 0 _aPatrología /
_cobra compuesta en alemán por Berthold Altaner ; ofrecida a los lectores de habla española por Ursicino Domínguez del Val.
250 _a5ª ed., rev. y amp.
260 _aMadrid :
_bEspasa-Calpe,
_c1962.
300 _a565 p. ;
_c25 cm.
650 _aPatrística.
_915895
700 1 _aDomínguez del Val, Ursicino.
_945205
852 _aES-MaACL
_jC-21893
_bR.50648
999 _c22644
_d22644